Decreto emanado por José María García, general de brigada, gobernador del Estado de Oaxaca... Art. 1° Se derogan los articulos 32 y 33 de la ley del Estado de 27 de octubre último. Palacio del gobierno de Oaxaca, noviembre 24 de 1855

Detalles Bibliográficos
Autor principal: García, José María
Otros Autores: Márquez, Cenobio
Formato: Libro
Lenguaje:Spanish
Publicado: Oaxaca : s.n., 1855.
Materias:
Colección:Banco de datos
Acervo:Universidad Autónoma Benito Juárez de Oaxaca. Biblioteca Francisco de Burgoa. Colección pliegos sueltos
Descripción Física:1 h. ; (21.5 x 15.5 cm.)
Tema general:Derecho civil
Notas:Texto a renglón seguido
LEADER 01093nam a22002170004500
035 |a 59 
041 0 |a spa 
100 1 |a García, José María 
240 0 0 |a Decreto, 1855-11-24 
245 1 0 |a Decreto emanado por José María García, general de brigada, gobernador del Estado de Oaxaca... Art. 1° Se derogan los articulos 32 y 33 de la ley del Estado de 27 de octubre último. Palacio del gobierno de Oaxaca, noviembre 24 de 1855 
260 |a Oaxaca : s.n., 1855. 
300 |a 1 h. ; (21.5 x 15.5 cm.) 
500 |a Texto a renglón seguido 
504 |a Este documento impreso no tiene portada sino una rúbrica o título de partida al comienzo del texto de donde se ha tomado el título 
610 1 4 |a Gobierno del Estado de Oaxaca (México) 
650 1 0 |a Derecho civil 
700 1 |a Márquez, Cenobio 
852 |a Universidad Autónoma "Benito Juárez" de Oaxaca, Biblioteca Francisco de Burgoa, Colección pliegos sueltos 24956 
942 |c BURPLI 
943 |g Universidad Autónoma Benito Juárez de Oaxaca. Biblioteca Francisco de Burgoa. Colección pliegos sueltos 
999 |c 1126331  |d 1126331